|
|
|
|
| LEADER |
01324pam a22003858a 4500 |
| 001 |
00046144 |
| 008 |
201216s2019####-vm#################vie|d |
| 005 |
20201216081212.0 |
| 020 |
# |
# |
|a 9786045541494
|c 0
|
| 041 |
0 |
# |
|a vie
|
| 082 |
0 |
4 |
|a 895.922 800 8
|b T527T
|
| 245 |
0 |
0 |
|a Tuyển tập ký - tản văn xứ Đoài
|c Bằng Việt (ch.b.) ; Trần Thế Pháp, Vũ Quỳnh, Kiều Phú...
|
| 260 |
# |
# |
|a Hà Nội
|b Hà Nội
|c 2019
|
| 300 |
# |
# |
|a 1101tr.
|c 24cm
|
| 490 |
0 |
# |
|a Tủ sách Thăng Long 1000 năm
|
| 653 |
# |
# |
|a Ký
|
| 653 |
# |
# |
|a Việt Nam
|
| 653 |
# |
# |
|a Văn học hiện đại
|
| 653 |
# |
# |
|a Xứ Đoài
|
| 655 |
# |
7 |
|2 Bộ TK TVQG
|a Kí
|
| 655 |
# |
7 |
|2 Bộ TK TVQG
|a Tuyển tập
|
| 655 |
# |
7 |
|2 Bộ TK TVQG
|a Tản văn
|
| 700 |
1 |
# |
|a Bằng Việt
|e ch.b.
|
| 700 |
1 |
# |
|a Kiều Phú
|
| 700 |
1 |
# |
|a Nguyễn Phi Khanh
|
| 700 |
1 |
# |
|a Nguyễn Trãi
|
| 700 |
1 |
# |
|a Ngô Thế Oanh
|e tuyển chọn
|
| 700 |
1 |
# |
|a Trần Thế Pháp
|
| 700 |
1 |
# |
|a Ông Văn Tùng
|e tuyển chọn
|
| 700 |
1 |
# |
|a Vũ Quỳnh
|
| 700 |
1 |
# |
|a Võ Thị Xuân Hà
|e tuyển chọn
|
| 852 |
# |
# |
|j KD.0027688
|
| 930 |
|
|
|a 445793
|b 05/11/2019
|
| 941 |
|
|
|a DP
|b VH
|
| 980 |
# |
# |
|a Trung tâm Học liệu Lê Vũ Hùng, Trường Đại học Đồng Tháp
|